Choose the Prime Numbers - Statistics

General Stats
  • This quiz has been taken 53 times
  • The average score is 3 of 11
Answers on the Grid
Answers color-coded by a green-red scale on the quiz's grid according to % correct below.
1000
8573
8449
9001
30427
31279
228453
1123
1299
6667
999983
1001
2497
21001
975498
2001
13997
210053
1673
995399
999983
550167
1649
2821
121231
20027
44339
54615
6583
999983
 
Answer Stats
Answer % Correct
8573
67%
9001
50%
1123
33%
30427
25%
999983
17%
999983
17%
13997
8%
21001
8%
210053
8%
995399
8%
999983
8%
No matching quizzes found
Score Distribution
Percent of People with Each Score
Percentile by Number Answered
Your Score History
You have not taken this quiz